[Event "Qatar Masters Open 2023"]
[Site "Doha QAT"]
[Date "2023.10.12"]
[Round "2.4"]
[White "Seyed Khalil Mousavi"]
[Black "Nodirbek Abdusattorov"]
[Result "1/2-1/2"]
[EventDate "2023.10.11"]
[WhiteElo "2492"]
[BlackElo "2716"]
[PlyCount "74"]

1. Nf3 Nf6 2. b3 d5 3. e3 Bf5 4. Be2 h6 5. Ba3 Nbd7 6. d4 e6 7. Bxf8 Nxf8 8. O-O Ng6 9. c4 O-O 10. Nc3 Qe7 11. Bd3 Bxd3 12. Qxd3 c6 13. Rfe1 Rfd8 14. cxd5 exd5 15. e4 dxe4 16. Nxe4 Nf4 17. Qc2 Nxe4 18. Rxe4 Ne6 19. Rae1 Rd5 20. h4 Rad8 21. Re5 Qb4 22. R1e4 Kf8 23. Qe2 Qd6 24. Qe3 Qa3 25. Rxe6 fxe6 26. Rxe6 R5d6 27. Re7 Rxd4 28. Rxb7 R4d7 29. Rxd7 Rxd7 30. Ne5 Rd1+ 31. Kh2 Kg8 32. Qf3 Rd8 33. Qf7+ Kh8 34. Qg6 Rf8 35. Nf7+ Rxf7 36. Qxf7 Qxa2 37. Qe8+ 1/2-1/2

[Event "Qatar Masters Open 2023"]
[Site "Doha QAT"]
[Date "2023.10.11"]
[Round "1.5"]
[White "Nodirbek Abdusattorov"]
[Black "Jakub Seemann"]
[Result "1-0"]
[EventDate "2022.10.11"]
[WhiteElo "2716"]
[BlackElo "2431"]
[PlyCount "132"]

1. d4 Nf6 2. Nc3 d5 3. Bf4 e6 4. Nb5 Bb4+ 5. c3 Ba5 6. a4 a6 7. Na3 c6 8. e3 Bc7 9. Nf3 Nbd7 10. Be2 O-O 11. O-O Re8 12. Bxc7 Qxc7 13. c4 e5 14. Rc1 e4 15. Nd2 Qd6 16. Qc2 Nf8 17. cxd5 cxd5 18. Qc5 Qd7 19. a5 Qf5 20. Qd6 h5 21. Rc3 Qg5 22. Rfc1 Ng6 23. Nc2 Ne7 24. Ne1 Nf5 25. Qb6 Ng4 26. Nf1 h4 27. h3 Nf6 28. Nh2 Ne7 29. Kf1 Nc6 30. Nc2 Bd7 31. Na1 Na7 32. Nb3 Nb5 33. R3c2 Bc6 34. Nc5 Re7 35. Kg1 Ne8 36. Ng4 Ned6 37. Bxb5 Nxb5 38. Ne5 Be8 39. Nxb7 Rb8 40. Rc8 Rbxb7 41. Rxe8+ Rxe8 42. Qxb7 Nxd4 43. Qxf7+ Kh7 44. Qxe8 Ne2+ 45. Kf1 Nxc1 46. Nd7 Nd3 47. Nf8+ Kh6 48. Qe6+ Qf6 49. Qxf6+ gxf6 50. b3 Nb4 51. Ne6 Nc6 52. Nc5 Nxa5 53. b4 Nc4 54. Nxa6 Kg5 55. Nc7 Nb6 56. Ne6+ Kf5 57. Nd4+ Kg5 58. g3 Nc4 59. Ke2 Nb6 60. b5 hxg3 61. fxg3 Nc4 62. h4+ Kg4 63. Ne6 Kf5 64. Nf4 Nb6 65. h5 Kg5 66. Kd2 1-0

[Event "Asian Games Men's team standard 2023"]
[Site "Hangzhou CHN"]
[Date "2023.10.07"]
[Round "9.9"]
[White "Prin Laohawirapap"]
[Black "Nodirbek Abdusattorov"]
[Result "0-1"]
[EventDate "2023.09.29"]
[WhiteElo "2329"]
[BlackElo "2716"]
[Source "365chess.com;"]
[PlyCount "90"]

1. e4 c5 2. Nf3 Nc6 3. d4 cxd4 4. Nxd4 Nf6 5. Nc3 e6 6. Ndb5 d6 7. Bf4 e5 8. Bg5 a6 9. Na3 b5 10. Nd5 Be7 11. Bxf6 Bxf6 12. c3 O-O 13. Nc2 Rb8 14. g3 Bg5 15. Bg2 Be6 16. h4 Bh6 17. O-O Kh8 18. a3 a5 19. Qd3 g6 20. Rad1 Rb7 21. Rfe1 Qb8 22. Qe2 Qc8 23. b4 Ne7 24. bxa5 Bxd5 25. exd5 Qa8 26. Nb4 Qxa5 27. Qb2 Ra8 28. Ra1 Nf5 29. Nc6 Qb6 30. Kh2 Qc5 31. a4 Rxa4 32. Rxe5 Rxh4+ 33. gxh4 dxe5 34. c4 Nd4 35. Kh1 Bf4 36. Nxd4 exd4 37. d6 Rd7 38. Qxb5 Qxd6 39. c5 Qe7 40. c6 Qxh4+ 41. Kg1 Rd8 42. Qc5 Kg7 43. Ra7 Bd6 44. Qc4 Qf4 45. Bd5 Bc7 0-1

[Event "Asian Games"]
[Site "Hangzhou CHN"]
[Date "2023.10.06"]
[Round "8"]
[White "Nodirbek Abdusattorov"]
[Black "Rinat Jumabayev"]
[Result "1-0"]
[EventDate "2023.09.29"]
[WhiteElo "2716"]
[BlackElo "2585"]
[PlyCount "74"]

1. d4 d5 2. c4 c6 3. Nc3 Nf6 4. Nf3 e6 5. e3 Nbd7 6. Be2 b6 7. O-O Bb7 8. b3 Bb4 9. Bb2 O-O 10. a3 Bd6 11. Qc2 Rc8 12. Rad1 Qe7 13. e4 Nxe4 14. Nxe4 dxe4 15. Qxe4 Nf6 16. Qc2 c5 17. d5 exd5 18. cxd5 c4 19. Bxc4 b5 20. Ng5 Bxh2+ 21. Kh1 Ne4 22. Qxe4 Qxg5 23. Kxh2 bxc4 24. bxc4 Ba6 25. Rd4 Rfe8 26. Qg4 Qe5+ 27. Kg1 h5 28. Qh3 Qe2 29. Qc3 f6 30. Rc1 Rxc4 31. Rxc4 Bxc4 32. Qxc4 Qxb2 33. d6+ Kh7 34. d7 Rd8 35. Qd3+ g6 36. Re1 Qb6 37. Re7+ 1-0

[Event "Asian Games Men Team 2023"]
[Site "Hangzhou CHN"]
[Date "2023.10.04"]
[Round "6.9"]
[White "Sumiya Bilguun"]
[Black "Nodirbek Abdusattorov"]
[Result "1/2-1/2"]
[EventDate "2023.09.29"]
[WhiteElo "2456"]
[BlackElo "2716"]
[PlyCount "174"]

1. e4 c5 2. Nc3 Nc6 3. Nf3 d6 4. d4 cxd4 5. Nxd4 Nf6 6. Bg5 e6 7. Qd2 a6 8. O-O-O Bd7 9. f3 Be7 10. Kb1 Nxd4 11. Qxd4 Bc6 12. g4 h5 13. gxh5 Nxh5 14. h4 Bxg5 15. hxg5 Qxg5 16. Qxd6 Rd8 17. Qh2 Rxd1+ 18. Nxd1 Rh6 19. Rg1 Qf4 20. Qf2 Nf6 21. Bd3 Rh2 22. Qf1 g5 23. Nc3 Nd7 24. a3 Ne5 25. Be2 Ke7 26. Rh1 Rh4 27. Qg2 f6 28. Qf1 Be8 29. Qg1 Kf7 30. Qd1 Ke7 31. Qg1 Rxh1 32. Qxh1 Qe3 33. Ka2 Bf7 34. Kb1 b5 35. Ka1 a5 36. Qd1 b4 37. axb4 axb4 38. Nb5 Kf8 39. Qd6+ Kg8 40. Nd4 Qd2 41. Qd8+ Kh7 42. Kb1 Kg6 43. b3 Qe1+ 44. Kb2 Qc3+ 45. Kb1 Qc5 46. Kb2 f5 47. exf5+ exf5 48. Kb1 Nc6 49. Nxc6 Qxc6 50. Qd4 Qe6 51. Bd3 Qd5 52. Qb6+ Kg7 53. Qe3 Kf6 54. Qb6+ Be6 55. Bc4 Qd7 56. Bd3 Qe7 57. Qd4+ Kg6 58. Qe5 Qd7 59. Bb5 Qd1+ 60. Kb2 Bf7 61. f4 gxf4 62. Qxf4 Qe1 63. Bd3 Be6 64. Ka2 Qc3 65. Kb1 Qc5 66. Qg4+ Kf7 67. Qh5+ Ke7 68. Qg5+ Kd6 69. Qf4+ Kd7 70. Kb2 Ke8 71. Kb1 Kf7 72. Kb2 Qc3+ 73. Kb1 Qe1+ 74. Kb2 Kg6 75. Ka2 Qc3 76. Kb1 Qc5 77. Qg4+ Kf7 78. Qh5+ Ke7 79. Qg5+ Kd7 80. Qf4 Ke8 81. Qb8+ Kf7 82. Qf4 Qg1+ 83. Kb2 Qg4 84. Qc7+ Kg6 85. Qe5 Kf7 86. Qc7+ Kg6 87. Qe5 Kf7 1/2-1/2

[Event "Asian Games Men Team 2023"]
[Site "Hangzhou CHN"]
[Date "2023.10.02"]
[Round "4.1"]
[White "Nodirbek Abdusattorov"]
[Black "Parham Maghsoodloo"]
[Result "1/2-1/2"]
[EventDate "2023.09.29"]
[WhiteElo "2716"]
[BlackElo "2707"]
[PlyCount "68"]

1. d4 Nf6 2. c4 e6 3. Nf3 b6 4. a3 Bb7 5. Bf4 c5 6. Nc3 cxd4 7. Nxd4 a6 8. e3 d6 9. Nf3 Be7 10. h3 O-O 11. Be2 d5 12. cxd5 Nxd5 13. Nxd5 Bxd5 14. Rc1 Nd7 15. O-O b5 16. Bc7 Qe8 17. Qd4 Rc8 18. Rfd1 Bf6 19. Qd2 Nb8 20. Bd6 Rxc1 21. Rxc1 Be7 22. Qb4 Bxd6 23. Qxd6 Qd8 24. Qxd8 Rxd8 25. Rc7 Nc6 26. Nd2 Kf8 27. f3 e5 28. Kf2 Ne7 29. b4 Rc8 30. Ra7 Rc2 31. Ke1 Rc1+ 32. Kf2 Rc2 33. Ke1 Rc1+ 34. Kf2 1/2-1/2

[Event "Asian Games Men Team 2023"]
[Site "Hangzhou CHN"]
[Date "2023.10.01"]
[Round "3.5"]
[White "Quang Liem Le"]
[Black "Nodirbek Abdusattorov"]
[Result "1-0"]
[EventDate "2023.09.29"]
[WhiteElo "2733"]
[BlackElo "2716"]
[PlyCount "122"]

1. d4 d5 2. Nf3 Nf6 3. c4 dxc4 4. e3 e6 5. Bxc4 c5 6. O-O a6 7. Nbd2 cxd4 8. Nxd4 Bc5 9. Bd3 Nbd7 10. Ne4 Nxe4 11. Bxe4 Nf6 12. Bf3 O-O 13. Qc2 Bxd4 14. Rd1 Qb6 15. Rxd4 e5 16. Rh4 Rd8 17. Bd2 Bf5 18. Qxf5 Qxb2 19. Rb1 Qxd2 20. g4 h6 21. Qxe5 Rac8 22. a4 Nh7 23. Rh5 Ng5 24. Rxg5 hxg5 25. Qxg5 Qa2 26. Rf1 Qxa4 27. Bxb7 Rb8 28. Bd5 Rd6 29. e4 Qd4 30. Qf4 Qf6 31. Qg3 Qd8 32. Rd1 Rbb6 33. g5 a5 34. Qf4 Qe8 35. Rc1 Rd7 36. Kg2 Qd8 37. Qe5 a4 38. Rc3 Ra6 39. Rg3 Rdd6 40. Rf3 Ra7 41. Qf5 Rxd5 42. exd5 g6 43. Qe5 Ra5 44. h4 a3 45. Rb3 Ra8 46. h5 a2 47. h6 f6 48. Qe6+ Kh8 49. Qf7 Qf8 50. Qxf8+ Rxf8 51. Ra3 fxg5 52. Rxa2 Kh7 53. d6 Kxh6 54. d7 Rd8 55. Rd2 Kg7 56. Kg3 Kf6 57. Kg4 Ke6 58. Kxg5 Kf7 59. Rd1 Kg7 60. Rd6 Kf7 61. Kf4 1-0

[Event "Asian Games Men Team 2023"]
[Site "Hangzhou CHN"]
[Date "2023.09.29"]
[Round "1.13"]
[White "Eldiyar Orozbaev"]
[Black "Nodirbek Abdusattorov"]
[Result "0-1"]
[EventDate "2023.09.29"]
[WhiteElo "2286"]
[BlackElo "2716"]
[PlyCount "98"]

1. e4 c5 2. c3 d5 3. exd5 Qxd5 4. d4 g6 5. Be3 cxd4 6. Qxd4 Nf6 7. Qxd5 Nxd5 8. Bd4 f6 9. Bc4 Nc7 10. Nf3 Nc6 11. Be3 e5 12. Nbd2 Be7 13. Bb3 Bf5 14. O-O-O O-O-O 15. Bh6 g5 16. h4 g4 17. Ng1 b5 18. Ne2 Bd3 19. Ng3 b4 20. Bc2 bxc3 21. bxc3 Bg6 22. Bf5+ Bxf5 23. Nxf5 Ba3+ 24. Kc2 Ne7 25. Nxe7+ Bxe7 26. Nc4 Rd5 27. Be3 Kb7 28. Rxd5 Nxd5 29. Rd1 Rd8 30. Na5+ Ka6 31. Nc6 Nxe3+ 32. fxe3 Rxd1 33. Kxd1 Bc5 34. e4 Kb5 35. Nd8 Kc4 36. Kc2 Bf2 37. h5 Be1 38. Ne6 Bxc3 39. Nc7 Ba5 40. Ne8 Bd8 41. Nd6+ Kd4 42. Kd2 Ba5+ 43. Ke2 Bb4 44. Nb5+ Kxe4 45. Nxa7 f5 46. a4 f4 47. Nc6 Bc5 48. a5 Kd5 49. Nb8 Kd6 0-1

[Event "Asian Games Men 2023"]
[Site "Hangzhou CHN"]
[Date "2023.09.27"]
[Round "9.2"]
[White "Tuan Minh Le"]
[Black "Nodirbek Abdusattorov"]
[Result "0-1"]
[EventDate "2023.09.24"]
[WhiteElo "2559"]
[BlackElo "2716"]
[PlyCount "148"]

1. d4 Nf6 2. c4 e6 3. Nf3 d5 4. Nc3 a6 5. cxd5 exd5 6. Bg5 Be6 7. e3 Nbd7 8. Bd3 Bd6 9. O-O c6 10. Bf4 Qb8 11. Bxd6 Qxd6 12. h3 O-O 13. Qc2 g6 14. Rac1 Rfe8 15. Rfd1 Re7 16. Na4 Rae8 17. Nc5 Nxc5 18. dxc5 Qc7 19. Qc3 Ne4 20. Bxe4 dxe4 21. Nd4 Bd5 22. a4 Re5 23. b4 h5 24. b5 axb5 25. axb5 h4 26. Ra1 Rg5 27. bxc6 bxc6 28. Ne2 Qe5 29. Rd4 Be6 30. Nf4 Rf5 31. Rc1 g5 32. Nxe6 Rxe6 33. Qd2 Ref6 34. Rf1 Kg7 35. Qe2 Qe7 36. Qg4 Re5 37. Rc1 Rfe6 38. Rdc4 Rd5 39. Rd1 Rxc5 40. Rd7 Qxd7 41. Rxc5 f6 42. Rc1 Kg6 43. Rd1 Qe7 44. Rd8 Qxd8 45. Qxe6 Qd5 46. Qe8+ Kf5 47. Qc8+ Ke5 48. Qe8+ Kf5 49. Qc8+ Qe6 50. Qf8 Kg6 51. Kh1 Qd7 52. Kg1 Kf5 53. Qc5+ Ke6 54. Qc4+ Qd5 55. Qa6 Qd1+ 56. Kh2 Qd6+ 57. Kg1 c5 58. Qa8 Ke5 59. Qg8 Qd1+ 60. Kh2 Qd5 61. Qb8+ Qd6 62. Qg8 Qc6 63. Qb8+ Qd6 64. Qg8 Qc7 65. Qc4 Qc6 66. g3 Qd5 67. Qb5 hxg3+ 68. Kxg3 c4 69. Qb8+ Kf5 70. Kg2 Qc6 71. h4 c3 72. h5 c2 73. h6 c1=Q 74. h7 Qd1 0-1

[Event "Asian Games Men 2023"]
[Site "Hangzhou CHN"]
[Date "2023.09.26"]
[Round "6.1"]
[White "Nodirbek Abdusattorov"]
[Black "Santosh Gujrathi Vidit"]
[Result "0-1"]
[EventDate "2023.09.24"]
[WhiteElo "2716"]
[BlackElo "2716"]
[PlyCount "98"]

1. d4 d5 2. c4 c6 3. cxd5 cxd5 4. Bf4 Nf6 5. Nc3 Nc6 6. e3 a6 7. Be2 Bf5 8. Nf3 e6 9. Qb3 Nh5 10. Be5 Ra7 11. h3 Nf6 12. Nh4 Bg6 13. O-O Nxe5 14. dxe5 Nd7 15. Nxg6 hxg6 16. Qa4 Bc5 17. b4 Rh4 18. Bg4 b5 19. Qd1 Bxb4 20. Nxd5 exd5 21. Qd4 Rc7 22. Qxb4 Nxe5 23. Qd4 Nxg4 24. hxg4 f5 25. Rac1 Rxg4 26. f4 Rd7 27. Rc6 Qe7 28. Rf3 Qe4 29. Qc5 Kf7 30. Rc7 Rxc7 31. Qxc7+ Qe7 32. Qc6 Qe6 33. Qc7+ Qe7 34. Qc6 d4 35. Qd5+ Qe6 36. Qxd4 g5 37. g3 Kg6 38. Qd2 Kf7 39. Qd4 Qc6 40. Kf2 Qc2+ 41. Kg1 Qb1+ 42. Kg2 Qxa2+ 43. Rf2 Qe6 44. Rc2 gxf4 45. exf4 Rg6 46. Kf2 Qd6 47. Qc3 Qb6+ 48. Kg2 Qb7+ 49. Kf2 Re6 0-1

[Event "Asian Games Men 2023"]
[Site "Hangzhou CHN"]
[Date "2023.09.26"]
[Round "7.2"]
[White "Sumiya Bilguun"]
[Black "Nodirbek Abdusattorov"]
[Result "1/2-1/2"]
[EventDate "2023.09.24"]
[WhiteElo "2456"]
[BlackElo "2716"]
[PlyCount "178"]

1. e4 e5 2. Nf3 Nc6 3. Bc4 Nf6 4. d3 Be7 5. O-O O-O 6. Re1 d6 7. a4 Be6 8. Nbd2 a5 9. Nf1 Qd7 10. Ng3 Bxc4 11. dxc4 Rfe8 12. b3 Bf8 13. Bg5 Qe6 14. Qe2 Nd7 15. Rad1 g6 16. Bc1 Bg7 17. c3 Nc5 18. Qc2 Nb8 19. Nf1 f5 20. exf5 Qxf5 21. Qa2 Rf8 22. Ne3 Qd7 23. Nd5 Nc6 24. Be3 b6 25. Bxc5 bxc5 26. Ng5 Rab8 27. Ne4 Kh8 28. Rd3 Nd8 29. Qc2 Ne6 30. g3 Rf7 31. h4 Rbf8 32. Qd1 Bh6 33. Qg4 Rf5 34. Qd1 Qd8 35. Kg2 Bg7 36. Ne3 R5f7 37. Kg1 h5 38. Nd5 Bh6 39. Qe2 Ng7 40. Ne3 Qa8 41. Nd5 Nf5 42. Ng5 Bxg5 43. hxg5 Qb7 44. Rb1 Ng7 45. Nf6 Ne8 46. Qe4 Qxe4 47. Nxe4 Ng7 48. b4 Rb8 49. b5 Rb6 50. Kg2 Ne6 51. Rf3 Kg7 52. Rxf7+ Kxf7 53. Rd1 Rb8 54. Kh3 Ke7 55. Kh4 Ng7 56. Nf6 Ke6 57. Nd5 Rb7 58. Re1 Nf5+ 59. Kh3 Ne7 60. Nxe7 Kxe7 61. f4 Ke6 62. fxe5 dxe5 63. Rd1 Kf5 64. Rd5 Ke4 65. Rxc5 Kd3 66. Rxe5 Kxc4 67. Re6 Rb6 68. Re7 Kb3 69. Rxc7 Kxa4 70. c4 Kb4 71. Rc6 Rb8 72. Rxg6 Kxc4 73. b6 a4 74. Kh4 a3 75. Rc6+ Kb3 76. Rc1 a2 77. Kxh5 Rxb6 78. g6 Rc6 79. Ra1 Rc5+ 80. Kh6 Rc3 81. g4 Rc6 82. Kh5 Rc5+ 83. g5 Rc7 84. Kh6 Rc6 85. Kh7 Rc5 86. Kh6 Rc6 87. Kh7 Rc5 88. Kh6 Rc6 89. Kh7 1/2-1/2

[Event "Asian Games Men 2023"]
[Site "Hangzhou CHN"]
[Date "2023.09.25"]
[Round "3.1"]
[White "Nodirbek Abdusattorov"]
[Black "M Amin Tabatabaei"]
[Result "1-0"]
[EventDate "2023.09.24"]
[WhiteElo "2716"]
[BlackElo "2685"]
[PlyCount "176"]

1. e4 e5 2. Nf3 Nc6 3. Bc4 Nf6 4. d3 Bc5 5. Nc3 h6 6. O-O O-O 7. Be3 Bb6 8. h3 d6 9. Bxb6 axb6 10. d4 Re8 11. Re1 Bd7 12. a4 Ra5 13. Bb5 exd4 14. Nxd4 Nxd4 15. Qxd4 Bxb5 16. axb5 Rxa1 17. Rxa1 Qe7 18. Qc4 h5 19. g3 Qd7 20. h4 Qh3 21. Qd3 Qg4 22. Re1 Re5 23. Kg2 Qd7 24. Ra1 Qe8 25. Ra4 Nd7 26. Rd4 Nf6 27. Rc4 Qe7 28. Ra4 Qe8 29. Qc4 Rc5 30. Qd3 Re5 31. Rd4 Qe7 32. f3 g6 33. Kf2 Qd7 34. Kg2 Re8 35. Rc4 Qe7 36. Ra4 Qe5 37. Qd4 Qe6 38. Ra7 Rb8 39. b3 Kh7 40. Kf2 Kg8 41. Ne2 Qe5 42. Qxe5 dxe5 43. c4 Kf8 44. Ke3 Ke7 45. Nc3 Ke6 46. b4 Kd6 47. Kd3 Ne8 48. Nd5 f5 49. f4 exf4 50. Nxf4 fxe4+ 51. Kxe4 Nf6+ 52. Kd4 Nd7 53. Nd3 c5+ 54. bxc6 Kxc6 55. Nf4 b5 56. Ra5 bxc4 57. Rg5 Nf8 58. Kxc4 b5+ 59. Kc3 Re8 60. Nxg6 Ne6 61. Rxh5 Nc7 62. Re5 Rd8 63. h5 Nd5+ 64. Kb3 Kd6 65. h6 Rd7 66. g4 Rc7 67. g5 Rc3+ 68. Kb2 Rc7 69. Rf5 Ne3 70. Rc5 Rf7 71. Rxb5 Nd5 72. Rb8 Rf2+ 73. Kb3 Rh2 74. Rd8+ Ke6 75. Nf8+ Ke5 76. h7 Rh3+ 77. Ka4 Nc3+ 78. Ka5 Kf5 79. g6 Rh5 80. Rd5+ Nxd5 81. g7 Rxh7 82. g8=Q Ra7+ 83. Kb5 Rb7+ 84. Kc5 Nf4 85. b5 Rc7+ 86. Kd6 Rb7 87. Kc6 Re7 88. b6 1-0

[Event "Asian Games Men 2023"]
[Site "Hangzhou CHN"]
[Date "2023.09.25"]
[Round "4.1"]
[White "Javokhir Sindarov"]
[Black "Nodirbek Abdusattorov"]
[Result "1/2-1/2"]
[EventDate "2023.09.24"]
[WhiteElo "2658"]
[BlackElo "2716"]
[PlyCount "64"]

1. e4 e6 2. d4 d5 3. exd5 exd5 4. Nf3 Nc6 5. Bd3 Nb4 6. Bb5+ c6 7. Ba4 Bd6 8. O-O Ne7 9. c3 Na6 10. Re1 O-O 11. Nbd2 Nc7 12. Nf1 Bg4 13. Ng3 Nf5 14. Qd3 Nxg3 15. hxg3 f6 16. Nh4 Re8 17. Bf4 Rxe1+ 18. Rxe1 Ne6 19. Bc2 Nf8 20. Bxd6 Qxd6 21. Nf5 Qd7 22. f3 Bxf5 23. Qxf5 Qxf5 24. Bxf5 Kf7 25. Kf2 g6 26. Bc2 Re8 27. Rxe8 Kxe8 28. g4 Ke7 29. Ke3 Kd6 30. Bd3 Ke7 31. Bc2 Kd6 32. Bd3 Ke7 1/2-1/2

[Event "Asian Games Men 2023"]
[Site "Hangzhou CHN"]
[Date "2023.09.24"]
[Round "1.2"]
[White "Nodirbek Abdusattorov"]
[Black "Husain Aziz"]
[Result "1-0"]
[EventDate "2023.09.24"]
[WhiteElo "2716"]
[BlackElo "2328"]
[PlyCount "40"]

1. e4 e5 2. Nf3 Nc6 3. Bc4 Nf6 4. d3 Be7 5. O-O O-O 6. a4 d5 7. exd5 Nxd5 8. Re1 Bg4 9. h3 Bh5 10. Nbd2 Kh8 11. c3 f6 12. a5 Rb8 13. Ne4 Qd7 14. Nxe5 Nxe5 15. Qxh5 Rbd8 16. Ng5 fxg5 17. Rxe5 Nf4 18. Bxf4 gxf4 19. Be6 Qd6 20. Bf5 1-0

[Event "Asian Games Men 2023"]
[Site "Hangzhou CHN"]
[Date "2023.09.24"]
[Round "2.1"]
[White "Rinat Jumabayev"]
[Black "Nodirbek Abdusattorov"]
[Result "0-1"]
[EventDate "2023.09.24"]
[WhiteElo "2585"]
[BlackElo "2716"]
[PlyCount "54"]

1. d4 d5 2. c4 e6 3. Nf3 a6 4. Bg5 Nf6 5. e3 dxc4 6. Bxc4 c5 7. O-O cxd4 8. exd4 Be7 9. Nc3 O-O 10. Re1 Nc6 11. a4 h6 12. Bh4 Bd7 13. Qe2 Nh5 14. Bxe7 Nxe7 15. Ne5 Nf6 16. Red1 Qe8 17. Qf3 Bc6 18. Nxc6 bxc6 19. a5 Qb8 20. Qe2 Rd8 21. Bxa6 Nf5 22. Ra4 Ra7 23. Bd3 Nxd4 24. Qe3 Ng4 25. Qg3 Qxb2 26. Qxg4 Qxc3 27. Rc4 Qb3 0-1

[Event "Bundesliga 2022/23"]
[Site "Viernheim GER"]
[Date "2023.04.30"]
[Round "15.1"]
[White "Nodirbek Abdusattorov"]
[Black "Jaroslaw Krassowizkij"]
[Result "1-0"]
[EventDate "?"]
[WhiteElo "2713"]
[BlackElo "2439"]
[PlyCount "74"]

1. e4 e5 2. Nf3 Nc6 3. Bb5 Nf6 4. d3 Bc5 5. Bg5 O-O 6. Nc3 h6 7. Bh4 Be7 8. Bxc6 bxc6 9. O-O d6 10. d4 exd4 11. Nxd4 Bd7 12. Re1 Re8 13. e5 Nd5 14. Bxe7 Qxe7 15. exd6 Qxe1+ 16. Qxe1 Rxe1+ 17. Rxe1 Nxc3 18. Re7 Bg4 19. bxc3 cxd6 20. f3 Be6 21. a4 a5 22. Nxe6 fxe6 23. Rxe6 Rd8 24. f4 Kf7 25. f5 c5 26. Kf1 d5 27. Ke2 d4 28. c4 Rb8 29. Rc6 Rb4 30. Rxc5 Rxa4 31. Kd3 Ra1 32. Kxd4 a4 33. Ra5 a3 34. c5 Ke7 35. Ra7+ Kd8 36. c6 Rf1 37. Kc5 1-0

[Event "Bundesliga 2022/23"]
[Site "Viernheim GER"]
[Date "2023.04.29"]
[Round "14.1"]
[White "Vallejo Pons, Francisco"]
[Black "Nodirbek Abdusattorov"]
[Result "1/2-1/2"]
[EventDate "?"]
[WhiteElo "2716"]
[BlackElo "2713"]
[PlyCount "104"]

1. e4 e5 2. Nf3 Nf6 3. Nxe5 d6 4. Nf3 Nxe4 5. d3 Nf6 6. d4 d5 7. Nc3 c6 8. Bd3 Bd6 9. Qe2+ Be6 10. Ng5 Qe7 11. Nxe6 fxe6 12. f4 O-O 13. Be3 Nbd7 14. O-O c5 15. dxc5 Bxc5 16. Bxc5 Nxc5 17. Rae1 Rae8 18. Qe3 Nxd3 19. cxd3 Qb4 20. d4 Qxb2 21. Rb1 Qc2 22. Rxb7 Rf7 23. Rb3 Ng4 24. Qe2 Qxe2 25. Nxe2 Rc7 26. h3 Nh6 27. g4 Rec8 28. Re3 Rc6 29. Re1 Kf7 30. Kf1 Rc4 31. Rb1 R8c7 32. Rb5 Ng8 33. f5 exf5 34. Rxd5 fxg4 35. hxg4 Nf6 36. Rf3 h6 37. g5 hxg5 38. Rxg5 Rc2 39. a3 Rb7 40. Rc5 Ra2 41. Nc3 Rxa3 42. Ke2 a5 43. Kd3 Ra1 44. Rff5 a4 45. Ra5 a3 46. Ra4 Rb3 47. Kc4 Rb8 48. Rfa5 Rc8+ 49. Kb4 Rc1 50. Rxa3 Rb8+ 51. Kc4 Ne4 52. Kd3 Nxc3 1/2-1/2

[Event "1st Kasimdzhanov Cup"]
[Site "Tashkent UZB"]
[Date "2023.03.29"]
[Round "6"]
[White "Nodirbek Abdusattorov"]
[Black "Jakhongir Vakhidov"]
[Result "0-1"]
[EventDate "?"]
[WhiteElo "2714"]
[BlackElo "2513"]
[PlyCount "116"]

1. g3 e5 2. Bg2 d5 3. d3 Nc6 4. Nf3 Be7 5. O-O Nf6 6. a3 O-O 7. Nc3 d4 8. Nb1 a5 9. Bg5 h6 10. Bxf6 Bxf6 11. Nbd2 Be6 12. c3 a4 13. Rc1 Na5 14. Ne4 Nb3 15. Rc2 dxc3 16. Rxc3 c6 17. Nxf6+ Qxf6 18. Nd2 Rfd8 19. Nxb3 Bxb3 20. Qd2 Bd5 21. Bxd5 Rxd5 22. Rc4 b5 23. Re4 Qd6 24. g4 Rd4 25. Qe3 Qd5 26. f3 f6 27. Rc1 c5 28. Rxd4 exd4 29. Qe4 Rd8 30. Kg2 Kf7 31. Rc2 Rd7 32. h4 h5 33. gxh5 Qxh5 34. Qc6 Rd5 35. Qxb5 Kg8 36. Qb8+ Kh7 37. Qf4 Re5 38. Kf2 Qf7 39. Qg4 Qb3 40. f4 Rd5 41. Rc1 Qb7 42. h5 Qf7 43. Rh1 f5 44. Qg5 Rd6 45. Rh2 Re6 46. Kf1 Rf6 47. Rg2 Rh6 48. Rh2 Qe6 49. Rh3 Qf7 50. Kf2 Rb6 51. Qd8 Rh6 52. Qg5 Rb6 53. Qg2 Rxb2 54. h6 g6 55. Rh1 c4 56. dxc4 d3 57. Qf3 Qxc4 58. Kg3 dxe2 0-1

[Event "1st Kasimdzhanov Cup"]
[Site "Tashkent UZB"]
[Date "2023.03.29"]
[Round "7"]
[White "Javokhir Sindarov"]
[Black "Nodirbek Abdusattorov"]
[Result "1-0"]
[EventDate "?"]
[WhiteElo "2578"]
[BlackElo "2714"]
[PlyCount "90"]

1. e4 e5 2. Nf3 Nf6 3. Nxe5 d6 4. Nf3 Nxe4 5. d4 d5 6. Bd3 Nc6 7. O-O Be7 8. Nbd2 Nxd2 9. Bxd2 Bg4 10. c3 O-O 11. Bf4 Bd6 12. Bxd6 Qxd6 13. Bc2 Qf6 14. Qd3 g6 15. Nd2 Rae8 16. Qg3 h5 17. Rfe1 Kg7 18. Nf1 Re7 19. Rxe7 Qxe7 20. Ne3 Be6 21. Re1 Qd7 22. Bd1 Kh7 23. Ba4 Rd8 24. h4 Qd6 25. Qg5 Kg7 26. Nf1 f6 27. Qd2 Bf7 28. Bxc6 Qxc6 29. Qf4 Qd6 30. Qxd6 Rxd6 31. Re7 Rc6 32. Rd7 Kf8 33. Rd8+ Ke7 34. Rb8 b6 35. Ne3 a5 36. Kf1 Rd6 37. Ke2 Rd8 38. Rxd8 Kxd8 39. Kf3 g5 40. Kg3 Kd7 41. hxg5 fxg5 42. f4 h4+ 43. Kg4 gxf4 44. Kxf4 Be6 45. Nf5 1-0

[Event "1st Kasimdzhanov Cup"]
[Site "Tashkent UZB"]
[Date "2023.03.29"]
[Round "8"]
[White "Nodirbek Abdusattorov"]
[Black "Alexander Grischuk"]
[Result "0-1"]
[EventDate "?"]
[WhiteElo "2714"]
[BlackElo "2731"]
[PlyCount "84"]

1. e4 c5 2. Nf3 d6 3. d4 cxd4 4. Nxd4 Nf6 5. Nc3 a6 6. Rg1 h5 7. h3 e5 8. Nb3 h4 9. Be3 Be6 10. Qf3 Nbd7 11. O-O-O Rc8 12. g4 hxg3 13. fxg3 Rxc3 14. bxc3 Qc7 15. Bg5 d5 16. exd5 e4 17. Qe3 Ba3+ 18. Kb1 Nxd5 19. Rxd5 Bxd5 20. Bf4 Qb6 21. Qxb6 Nxb6 22. Bg2 O-O 23. Bc1 Bxc1 24. Kxc1 Rc8 25. Re1 Rxc3 26. Bxe4 Rxg3 27. h4 g6 28. Nc5 Rg4 29. Nd7 Kg7 30. Bxd5 Nxd5 31. Rh1 b5 32. Ne5 Re4 33. Nd3 Nb4 34. h5 Nxa2+ 35. Kd2 Nb4 36. hxg6 fxg6 37. Nc5 Rd4+ 38. Ke2 Rc4 39. Kd2 Rd4+ 40. Ke2 Rc4 41. Ne6+ Kf6 42. Nf8 0-1

[Event "1st Kasimdzhanov Cup"]
[Site "Tashkent UZB"]
[Date "2023.03.29"]
[Round "9"]
[White "Nodirbek Yakubboev"]
[Black "Nodirbek Abdusattorov"]
[Result "1/2-1/2"]
[EventDate "?"]
[WhiteElo "2577"]
[BlackElo "2714"]
[PlyCount "140"]

1. c4 e5 2. Nc3 Bb4 3. Nd5 a5 4. a3 Bc5 5. Nf3 d6 6. e3 c6 7. d4 Ba7 8. Nc3 Nd7 9. Qc2 Ngf6 10. Be2 O-O 11. b4 Bb8 12. b5 d5 13. Bb2 e4 14. Nd2 Re8 15. c5 Nf8 16. h3 h5 17. b6 Qd7 18. O-O-O Qf5 19. Rdf1 h4 20. a4 Qg5 21. Rfg1 Bf5 22. Nd1 Ne6 23. Nf1 Bg6 24. Qd2 Nd7 25. g3 Bh5 26. gxh4 Qxh4 27. Bg4 Nf6 28. Qe2 Bg6 29. Bc3 Nxg4 30. hxg4 Qf6 31. Nd2 Ng5 32. Kb2 Qe6 33. Ka1 f6 34. Bb2 Kf7 35. Nc3 Qe7 36. Na2 Qd8 37. Qd1 Qd7 38. Nc1 Ke7 39. Bc3 Bf7 40. Ncb3 Be6 41. Rh4 Kf7 42. Kb2 Ra6 43. Ka3 Qe7 44. Bxa5 Ra8 45. Bb4 Qd7 46. a5 Qc8 47. Kb2 Bd7 48. Bc3 Qd8 49. Rgh1 Qe7 50. Nc1 Qe6 51. Rg1 Qe7 52. Ne2 Qe6 53. Rgh1 Qe7 54. Qg1 Qe6 55. Qg2 Qe7 56. Rh8 Qd8 57. Rxe8 Qxe8 58. Rh4 Qe6 59. Nc1 Kg8 60. Ncb3 Nf7 61. Qf1 g5 62. Rh1 Qxg4 63. Na1 Kg7 64. Nc2 Nh6 65. Nb3 Qf3 66. Nd2 Qf5 67. Nb3 Qf3 68. Nd2 Qf5 69. Qg2 Qg4 70. Qf1 1/2-1/2

[Event "1st Kasimdzhanov Cup"]
[Site "Tashkent UZB"]
[Date "2023.03.28"]
[Round "1"]
[White "Nodirbek Abdusattorov"]
[Black "Shamsiddin Vokhidov"]
[Result "1-0"]
[EventDate "?"]
[WhiteElo "2714"]
[BlackElo "2514"]
[PlyCount "80"]

1. d4 Nf6 2. c4 e6 3. Nf3 d5 4. Nc3 Bb4 5. Bg5 h6 6. Bxf6 Qxf6 7. e3 O-O 8. Rc1 dxc4 9. Bxc4 c5 10. O-O cxd4 11. Ne4 Qf5 12. Ng3 Qa5 13. exd4 Rd8 14. Qe2 Bd7 15. Ne5 Nc6 16. a3 Bf8 17. Nf3 Be8 18. Rfd1 Rac8 19. Qe4 g6 20. h4 Ne7 21. Ne5 b5 22. Bd3 Rxc1 23. Rxc1 Qd2 24. Rc2 Qd1+ 25. Kh2 Nf5 26. Nxf5 exf5 27. Qe3 Bd6 28. Rd2 Qc1 29. f4 h5 30. Bc2 b4 31. a4 Qxb2 32. Bb3 Qc3 33. Rd3 Qc7 34. Nxg6 Kg7 35. Ne5 Qe7 36. Qh3 Bxe5 37. fxe5 f4 38. Qf5 Qxh4+ 39. Rh3 Qe7 40. Qxh5 1-0